| 000 | 00527cam a2200229 4500 | ||
|---|---|---|---|
| 008 | 090401t1988 xxu||||| |||| 00| 0 eng d | ||
| 020 | _a040664845X | ||
| 035 | _a(Sirsi) u55780 | ||
| 041 | _aeng | ||
| 050 | _a346.41043 | ||
| 100 | _aRiddall, J.G. | ||
| 245 | _aIntroduction to land law | ||
| 250 | _a4th ed. | ||
| 260 |
_aLondon _bButterworths _c1988 |
||
| 300 | _axlix,517p. ; 25cm. | ||
| 350 | _a16.95 | ||
| 650 | _aLAND LAW | ||
| 650 | _aPROPERTY LAW | ||
| 690 | _aLAND | ||
| 942 | _n0 | ||
| 948 | _c04/03/1997 | ||
| 999 |
_c93648 _d93648 |
||